000 00297nam a2200133Ia 4500
008 260604s9999 xx 000 0 und d
020 _a9789365479515
082 _a808.3 BLU
100 _aBLUEONE
_935424
245 0 _aThink Before you react
260 _bBLUEONE
500 _areact
942 _cBK
999 _c8239
_d8239